| Tag |
First Indicator |
Second Indicator |
Subfields |
| LEADER |
00000cam a22000004a 4500 |
| 001 |
in00002437513 |
| 005 |
20151110040229.0 |
| 008 |
080307s2009 nyua b 001 0 eng |
| 010 |
|
|
|a 2008010749
|
| 016 |
7 |
|
|a 101468019
|2 DNLM
|
| 020 |
|
|
|a 9780415954525 (hardbound : alk. paper)
|
| 020 |
|
|
|a 0415954525 (hardbound : alk. paper)
|
| 029 |
1 |
|
|a NLM
|b 101468019
|
| 035 |
|
|
|a (OCoLC)ocn213375843
|
| 035 |
|
|
|a (OCoLC)213375843
|
| 040 |
|
|
|a DNLM/DLC
|c DLC
|d NLM
|d BAKER
|d BTCTA
|d C#P
|d YDXCP
|d BWX
|d UtOrBLW
|
| 042 |
|
|
|a pcc
|
| 043 |
|
|
|a n-us---
|
| 049 |
|
|
|a TXAM
|
| 050 |
0 |
0 |
|a BF636.7.C76
|b C76 2009
|
| 060 |
1 |
0 |
|a WA 305
|b C9508 2009
|
| 082 |
0 |
0 |
|a 158/.3
|2 22
|
| 245 |
0 |
0 |
|a Cross cultural awareness and social justice in counseling /
|c edited by Cyrus Marcellus Ellis and Jon Carlson.
|
| 264 |
|
1 |
|a New York :
|b Routledge,
|c [2009]
|
| 264 |
|
4 |
|c ©2009
|
| 300 |
|
|
|a xxv, 335 pages :
|b illustrations ;
|c 23 cm.
|
| 336 |
|
|
|a text
|b txt
|2 rdacontent
|
| 337 |
|
|
|a unmediated
|b n
|2 rdamedia
|
| 338 |
|
|
|a volume
|b nc
|2 rdacarrier
|
| 504 |
|
|
|a Includes bibliographical references and index.
|
| 505 |
0 |
|
|a Counseling from a cross-cultural and social justice posture / Rebecca L. Toporek -- The helping professional as an advocate / Amie A. Manis, Shunda L. Brown, Matthew J. Paylo -- Developing a diverse counseling posture / Rebecca L. Farrell -- Counseling with women / Shunda L. Brown and Kathleen M. May -- Counseling with men / Matt Englar-Carlson -- Counseling with African Americans / Marc A. Grimmett and Don C. Locke -- Counseling with Asian Americans / Anneliese A. Singh -- Counseling with Spanish-speaking clients / Robert L. Smith and R. Esteban Montilla -- Counseling with North America's indigenous people / Sherri L. Turner and Mark Pope -- Counseling with gay, lesbian, bisexual, and transgender people / Toni R. Tollerud and Linda S. Slabon -- Counseling with new citizens / Adam Zagelbaum -- Counseling with the poor, underserved, and underrepresented / Leon D. Caldwell -- The next step / Cyrus Marcellus Ellis and Jon Carlson.
|
| 650 |
|
0 |
|a Cross-cultural counseling
|z United States.
|
| 650 |
1 |
2 |
|a Counseling
|x methods
|z United States.
|
| 650 |
2 |
2 |
|a Cross-Cultural Comparison
|z United States.
|
| 650 |
2 |
2 |
|a Cultural Competency
|z United States.
|
| 650 |
2 |
2 |
|a Mental Disorders
|x therapy
|z United States.
|
| 650 |
2 |
2 |
|a Minority Groups
|x psychology
|z United States.
|
| 650 |
2 |
2 |
|a Social Justice
|z United States.
|
| 700 |
1 |
|
|a Ellis, Cyrus Marcellus.
|
| 700 |
1 |
|
|a Carlson, Jon.
|
| 938 |
|
|
|a Baker & Taylor
|b BKTY
|c 41.95
|d .00
|i 0415954525
|n 0007176031
|s active
|
| 938 |
|
|
|a Baker and Taylor
|b BTCP
|n 2008010749
|
| 938 |
|
|
|a YBP Library Services
|b YANK
|n 2528890
|
| 938 |
|
|
|a Blackwell Book Service
|b BBUS
|n R8742875
|c $41.95
|
| 945 |
|
|
|a PromptCat
|b 571982
|
| 946 |
|
|
|a stk
|
| 947 |
|
|
|a A14837399681
|
| 994 |
|
|
|a 92
|b TXA
|
| 948 |
|
|
|a cataloged
|b h
|d 2008/12/11
|h c
|e asalazar
|f 12:37:29 pm
|
| 999 |
|
|
|a MARS
|
| 999 |
f |
f |
|s 4b5727a3-d0fe-3291-86b0-695e41fe8625
|i 86c1b8e0-3215-387a-8b78-788ac7896620
|t 0
|
| 952 |
f |
f |
|p normal
|a Texas A&M University
|b College Station
|c Sterling C. Evans Library
|d Evans: Library Stacks
|t 0
|e BF636.7.C76 C76 2009
|h Library of Congress classification
|i unmediated -- volume
|m A14837399681
|
| 998 |
f |
f |
|a BF636.7.C76 C76 2009
|t 0
|l Evans: Library Stacks
|